| 000 | 01164naa a2200301 c 4500 | ||
|---|---|---|---|
| 001 | 35044 | ||
| 003 | ES-MaCES | ||
| 005 | 20150929135827.0 | ||
| 008 | 050607n2005 sp t 000 | spa d | ||
| 035 | _aCES20050005285v | ||
| 040 |
_aES-MaCES _bspa _cES-MaCES |
||
| 100 | 1 |
_aRomero Ródenas, María José _922592 |
|
| 245 | 1 | 3 |
_aEl estrés laboral como factor desencadenante de los riesgos psicosociales. Su posible protección en el ámbito de la empresa _b: especial referencia al Acuerdo europeo sobre el estrés laboral _cMª José Romero Ródenas |
| 650 | 4 |
_aacuerdo económico _927961 |
|
| 650 | 4 |
_acondiciones de trabajo _928327 |
|
| 650 | 4 |
_anegociación colectiva _928362 |
|
| 650 | 4 |
_asalud en el trabajo _928347 |
|
| 650 | 4 |
_aseguridad en el trabajo _928348 |
|
| 650 | 4 |
_atensión psicológica _928344 |
|
| 650 | 4 |
_aestrés _931076 |
|
| 653 | 1 | 0 | _aSalud |
| 650 | 4 |
_926752 _aUE |
|
| 650 | 4 |
_930664 _aconcertación social |
|
| 773 | 0 |
_tJusticia laboral _gn. 22 (mayo 2005){55/866 R. 060786}; p. 13-31 _w(ES-MaCES)25844 _975443 |
|
| 902 | _aART Artículo de revista | ||
| 942 |
_2CES _cAR _h3.1. |
||
| 999 |
_c35044 _d35044 |
||